000 00637nam a22002057a 4500
003 OSt
005 20231101104833.0
008 221006b |||||||| |||| 00| 0 eng d
020 _a2-9803537-0-1
040 _cBiblioteca Lado V
082 _a739.5
_bP953p
100 _91172
_aPrimeau, Daniel-Jean
_eautor
245 _aUn point de vue tranchant/
260 _c1994
_aCanadá
300 _c29 x 23 cm
_a6p.
650 _2Tesauro de Arte & Arquitectura
_aARTE
650 _2Tesauro de Arte & Arquitectura
_aESCULTURA
_9703
650 _2Tesauro de Arte & Arquitectura
_aMETAL
942 _2ddc
_c1
_h739.5
_iP953p
_n0
999 _c4506
_d4506